01116nam a2200241 a 4500008004100000020001500041050001500056100001900071245003300090250001200123260003200135300002200167350000900189500004100198650001800239650002000257650001400277995014900291995014900440999001700589952013400606952013400740120416s1985 ||||||||||||||||| || u a071316235X aGF 125 Car aCarter, Harold14aThe Study of urban geography a3rd ed. aLondonbEdward Arnoldc1985 axiv, 434p. : ill. a0.00 aIncludes bibliographies and indexes. 0aHUMAN ECOLOGY 0aURBAN GEOGRAPHY aGEOGRAPHY aMAIN LIBRARY OPEN ACCESSD0.00e708073FCBU-MAIN LIBRARY (Kitwe)H1I9.95jGF 125 CarM1UAVAILABLEy002496ZMain Library Open Access Collection aMAIN LIBRARY OPEN ACCESSD0.00e706921FCBU-MAIN LIBRARY (Kitwe)H2I9.95jGF 125 CarM2UAVAILABLEy002497ZMain Library Open Access Collection c80772d80772 00102lcc4070a001b001cMain Library Open Access Collectiond2023-07-11l0oGF 125 Carp002496r2023-07-11t1w2023-07-11y002 00102lcc4070a001b001cMain Library Open Access Collectiond2023-07-11l0oGF 125 Carp002497r2023-07-11t2w2023-07-11y002